Responses for show #7423 - Wednesday, December 14, 2016

Cindy Stowell game 2.

Contestants

Edward Montiel, an astronomer from San Jose, California

Susanna Barron, a law student from Greenwich, Connecticut

Cindy Stowell, a science content developer from Austin, Texas (whose 1-day cash winnings total $22,801)

Jeopardy! Round responses

MUCH BIGGER THAN A BREADBOX
LITERARY LINES
(Alex: We will give you the [*], you give us the literary work they are from.)
THE BROADWAY MUSICAL'S CHARACTERS
REPRESENTIN'
TREES
A TIME FOR "US"
    $200 1
a blue whale

Edward
    $200 16
Frankenstein

Edward
    $200 7
The Producers

Cindy!
    $200 2
Newt Gingrich

Cindy!
    $400 3
World War I

Edward
    $400 17
The Martian

Cindy!
    $400 8
Grease

Edward
    $400 14
(Edward: What is Mississippi?)
(Susanna: What is Georgia?)
(Alex: Cindy's not gonna ring in to try to come up with the state of [*].)

Michigan

SusannaEdward
Triple Stumper
    $400 12
flood

Cindy!
    $600 4
Manhattan

Cindy!
    $600 18
The Color Purple

Triple Stumper
    $600 9
Jersey Boys

Susanna
    $600 15
(Edward: Who is Hayes?)

James Garfield

Edward
Triple Stumper
    $600 13
hickory

Susanna
    $600 27
[The end-of-round signal sounds.]

a sarcophagus

Cindy!
    $800 5
an altar

Cindy!
    $1,300 19
(Cindy: What is... Apocalypse Now?)

Heart of Darkness

Cindy!
    $800 10
Wicked

Cindy!
    $800 23
(Alex: Less than a minute now.)

Alaska

Edward
    $800 21
eucalyptus

Susanna
    $800 26
(Cindy: What is Exodus?)

Leviticus

Cindy!
Triple Stumper
    $1000 6
the Venetian

Susanna
    $1000 20
The Lovely Bones

Cindy!
    $1000 11
Cats

Cindy!
    $1000 24
(Michelle) Bachmann

Edward
    $1000 22
maple

Susanna
    $1000 25
(Edward: What is a Rhesus monkey?)

the colobus monkey

Edward
Triple Stumper

Scores at the first commercial break (after clue 15):

Cindy! Susanna Edward
$4,000 $1,800 $0

Scores at the end of the Jeopardy! Round:

Cindy! Susanna Edward
$3,900 $3,600 $1,000

Double Jeopardy! Round responses

DON'T HATE THE PLAYA
STICK WITH ME
WHAT A TV DRAMA KING
HISTORIC AGREEMENT WORDS
BELOW ZERO
FRANCO FILE
    $400 2
Nevada

Cindy!
    $400 21
a Band-Aid

Susanna
    $400 7
(Kiefer) Sutherland

Edward
    $400 1
pact

Cindy!
    $400 26
$578

Triple Stumper
    $400 13
James Franco

Cindy!
    $800 3
Death Valley

Cindy!
    $800 22
Velcro

Cindy!
    $800 9
Downton Abbey

Cindy!
    $800 8
Alliance

Susanna
    $800 27
charge

Edward
    $800 14
Francisco Franco

Edward
    $1200 4
(Edward: What is Peru?)

Mexico

Cindy!Edward
    $2,000 23
the La Brea Tar Pits

Cindy!
    $1200 10
The Newsroom

Susanna
    $1200 18
(Edward: What is trans?)

charter

SusannaEdward
    $1200 15
Camelot

Cindy!
    $1600 5
(Alex: You know the Malvinas better as the Falkland Islands, and the country they're nearest to is [*].)

Argentina

Triple Stumper
    $1600 24
(Alex: [*], yep, with a minute to go.)

Krazy Glue

Cindy!
    $1600 11
True Detective

Edward
    $1600 19
Entente

Edward
    $2,000 28
[The end-of-round signal sounds.]

the Dead Sea

Edward
    $1600 16
Julio Franco

Edward
    $2000 6
Basque

Susanna
    $2000 25
caulk

Triple Stumper
    $2000 12
Bloodline

Susanna
    $2000 20
concordat

Edward
    $2000 17
(Susanna: Who is Charlotte?)

(Princess) Caroline (of Monaco)

Susanna
Triple Stumper

Scores at the end of the Double Jeopardy! Round:

Cindy! Susanna Edward
$13,500 $9,200 $9,400

[wagering suggestions for these scores]

Final Jeopardy! Round responses

AMERICAN AUTHORS
(Alex: When I first read this clue, there were only two names that came to my mind. Let's see if you thought the same.)
...
(Alex: [To Edward] Oh, you picked somebody I did not think of.)
...
(Alex: Hemingway and [*] are the two names that occurred to me. [*] is the correct response.)
SusannaWho is Hemingway
$8,000
EdwardWho is Faulkner?
$3,600
Cindy!Who is Hemingway?
$5,301
John Steinbeck

Final scores:

Cindy! Susanna Edward
$8,199 $1,200 $5,800
2-day champion: $31,000 3rd place: $1,000 2nd place: $2,000

Game dynamics:

Coryat scores:

Cindy! Susanna Edward
$14,000 $9,200 $9,000
20 R
(including 1 DD),
2 W
(including 1 DD)
11 R,
2 W
14 R
(including 1 DD),
5 W

Combined Coryat: $32,200

The J! Archive is created by fans, for fans. The Jeopardy! game show and all elements thereof, including but not limited to copyright and trademark thereto, are the property of Jeopardy Productions, Inc. and are protected under law. This website is not affiliated with, sponsored by, or operated by Jeopardy Productions, Inc. Join the discussion at JBoard.tv.